| 000 | 01452nac a22003737a 4500 | ||
|---|---|---|---|
| 001 | BR8500395 | ||
| 003 | BR-BrBNA | ||
| 005 | 20240105120228.0 | ||
| 008 | 230509b bl.|||m| |||| 00| 0 por d | ||
| 040 |
_aBR-BrBNA _bpor _cBiblioteca Nacional de Agricultura |
||
| 072 | _aH10 | ||
| 090 | _a0336 BR8500395 | ||
| 100 | 1 | _aGomez, S.A. | |
| 100 | 1 | _aGazzoni, D.L. | |
| 100 | 1 | _aAlberton, O.C. | |
| 100 | 1 | _aGomes, V. | |
| 100 | 1 | _aValente, J.B. | |
| 100 | 1 | _aRumiatto, M. | |
| 100 | 1 | _aSouza, D.S. de | |
| 100 | 1 | _aStaut, R.E. | |
| 110 | 1 | _aUnidade de Execucao de Pesquisa de Ambito Estadual de Dourados, MS (Brasil) | |
| 245 | 1 | _aEfeito de Baculovirus anticarsia sobre a lagarta da soja em aplicacao aerea e terrestre, nas condicoes de Mato Grosso do Sul [Glycine max, Anticarsia gemmatalis, controle biologico, Brasil] | |
| 246 | 1 | _a[Effect of Baculovirus anticarsia on soybean worm in aerial and terrestrial application, in the conditions of Mato Grosso do Sul [Glycine max, Anticarsia gemmatalis, biological control, Brazil]] | |
| 260 | 3 |
_aDourados, MS (Brasil): _c1984. |
|
| 300 | _a14 p. | ||
| 490 |
_aPesquisa em Andamento - Unidade de Execucao de Pesquisa de Ambito Estadual de Dourados (Brazil) _vno. 18 _x |
||
| 500 | _a9 illus. | ||
| 650 | _aSOJA | ||
| 650 | _aLAGARTA | ||
| 650 | _aCONTROLE BIOLOGICO | ||
| 650 | _aMATO GROSSO DO SUL | ||
| 909 |
_a202312 _bLúcia Elande _c55 _dLúcia Elande |
||
| 942 |
_2AGRIS _n0 _cMS |
||
| 999 |
_c278431 _d278431 |
||